000 00490nam a2200169Ia 4500
003 GCL
008 140319s9999 xx 000 0 eng d
040 _aGCL /
_cGCL
082 0 4 _aCC
_b054.91602
_bA B
100 1 _aAGREL, HENRIETE
245 1 0 _aBIBLIOGRAPHIE GEOGRAPHIQUE DE L'EGYPTE TOME 1 /
_cAGREL, HENRIETE
260 _a[S.N] :
_bLA SOCIETE DE GEOGRAPHIE D'EGYPTE ،
_c1928
300 _a472
650 0 4 _aLA SOCIETE DE GEOGRAPHIC D'EGY
650 0 4 _aPERIODICALS
942 _2ddc
_cBK
999 _c17205
_d17205